MDQL
is popping MORE tags! Check the
thread
!
Quizzes
Events
Quiz Creation
Community
Videos
Private Events
Remove Ads
Sign In
Join for FREE
Feedback
Dark Mode
Quiz Categories
Sports
Geography
Music
Movies
Television
Just For Fun
Miscellaneous
History
Literature
Language
Science
Gaming
Entertainment
Religion
Holiday
For Kids
Quiz Lab
Recent
Popular Today
Quiz Kudos Today
Editor Picks
Curator Picks
Quizzes by...
Day
Popularity
Type
Ratings
Length
Year
Community
Subscriptions
Recent Discussions
Orange Saloon
Badges
Playlists
Quests
Create
Leaderboards
Showdown
Live 5
Trivia Bingo
Activity
Puzzle Library
Sporcle Events
Private Events
Virtual Trivia
Globe League
Become a Host
Pub Owners
SporcleCon
Opinionation
Our Games
Videos
Blog
Mobile Apps
Partnerships
Remove Ads and Go Orange
Feedback
Sports
Athletes
MLB
NBA
NHL
NFL
Soccer
Sports Teams
WWE
NCAA
Football
Premier League
Basketball
Baseball
Hockey
Golf
Tennis
Cricket
Rugby
Auto Racing
Olympics
World Cup
Sports
Athletes
MLB
NBA
NHL
NFL
Soccer
Sports Teams
WWE
NCAA
Football
Premier League
Basketball
Baseball
Hockey
Golf
Tennis
Cricket
Rugby
Auto Racing
Olympics
World Cup
Random Quiz
Search Sporcle
×
Quiz Lab
Quiz Lab
Sports
Basketball
Type in answers that appear in a list
Type in answers that appear in a list
Classic
Best Score? Go Orange.
NBA Best Players by Jersey Number (#0-#99) Stats
Can you name the NBA Best Players by Jersey Number?
By
yonathanmt41
15m
87 Questions
1,174 Plays
1,174 Plays
1,174 Plays
Comments
Comments
Give Quiz Kudos
Give Quiz Kudos
-
- Ratings
hide this ad
Replay
Link that replays current quiz
Next Quiz
Link to next quiz in quiz playlist
You Got
0%
They Got
Avg Score
26%
Avg Friend Score
Upgrade to see
Score Distribution
Jump to the score distribution portion of the page
Score
0/87
Timer
15:00
0
Plays Today
Jersey Number
Player
% Correct
#23
Michael Jordan
89%
#45
Michael Jordan
89%
#44
Jerry West
88.1%
#0
Russell Westbrook
84.6%
#8
Kobe Bryant
72.7%
#24
Kobe Bryant
72.7%
#35
Kevin Durant
67.9%
#30
Stephen Curry
64.4%
#32
Magic Johnson
60.7%
#86
Chris Johnson
59.5%
#3
Allen Iverson
59.3%
#6
Bill Russell
57.7%
#33
Kareem Abdul-Jabbar
55.9%
#13
Wilt Chamberlain
53.9%
#21
Tim Duncan
53.5%
#41
Dirk Nowitzki
51.3%
#00
Robert Parish
47.5%
#2
Moses Malone
46.8%
#7
Carmelo Anthony
46.4%
#34
Hakeem Olajuwon
42.5%
#70
Dennis Rodman
40.7%
#73
Dennis Rodman
40.7%
#91
Dennis Rodman
40.7%
#1
Tracy McGrady
39.6%
#12
John Stockton
38%
#14
Oscar Robertson
38%
#50
David Robinson
37.3%
#11
Isiah Thomas
36.2%
#5
Jason Kidd
34.6%
Jersey Number
Player
% Correct
#16
Pau Gasol
32.2%
#99
George Mikan
32.2%
#9
Bob Pettit
32.1%
#31
Reggie Miller
31.4%
#22
Clyde Drexler
27.3%
#20
Gary Payton
25.6%
#85
Baron Davis
21.3%
#83
Craig Smith
21%
#10
Walt Frazier
20.9%
#55
Dikembe Mutombo
20.9%
#40
Shawn Kemp
20.7%
#42
James Worthy
20.6%
#19
Willis Reed
19.8%
#26
Kyle Korver
19.8%
#36
Rasheed Wallace
18.5%
#17
Chris Mullin
17.6%
#37
Ron Artest
17.4%
#93
Ron Artest
17.4%
#96
Ron Artest
17.4%
#84
Chris Webber
17%
#4
Dolph Schayes
16.9%
#18
Dave Cowens
14.2%
#54
Horace Grant
12.8%
#39
Jerami Grant
12.7%
#38
Kwame Brown
11.4%
#15
Hal Greer
10.8%
#47
Andrei Kirilenko
10.6%
#25
Gail Goodrich
10.5%
#53
Artis Gilmore
10.2%
Jersey Number
Player
% Correct
#76
Shawn Bradley
9%
#49
Shandon Anderson
8.9%
#43
Jack Sikma
6.9%
#52
Jamaal Wilkes
6.6%
#28
Sam Cassell
6%
#77
Gheorghe Muresan
5.8%
#88
Nicolas Batum
4.6%
#27
Jack Twyman
4%
#62
Scot Pollard
3.7%
#66
Scot Pollard
3.7%
#98
Jason Collins
3.5%
#29
Paul Silas
3.4%
#90
Drew Gooden
3.3%
#57
Hilton Armstrong
2.9%
#95
Deandre' Bembry
2.9%
#51
Boban Marjanovic
2.8%
#92
DeShawn Stevenson
2.8%
#48
Nazr Mohammed
2.6%
#94
Evan Fournier
2.6%
#72
Jason Kapono
2%
#89
Clyde Lovellette
1.7%
#46
Bo Outlaw
1.6%
#56
Francisco Elson
1.5%
#71
Willie Naulls
1.2%
#60
Walt Kirk
0.8%
#65
George Ratkovicz
0.8%
#68
Milt Schoon
0.8%
#61
Dave Piontek
0.7%
#67
Moe Becker
0.7%
Quiz Playlist
Details
Report
Send in Message
Add To Playlist
Classic:
Type in answers that appear in a list
Last Updated: Oct 17, 2017
Quiz Scoreboard
CHALLENGE
Sign Up to Join the Scoreboard
Show All
Scores
Hide
Comments
May contain spoilers
Recently Published
Find the 'City' Movie
by crazypaving
Movies
60s
5x2 Blitz: Bands
by SL_Kpop136
Music
30s
Colored Red Africa Blitz
by spor1
Geography
30s
More to Explore
Quiz From the Vault
Featured Blog Post
14 Easter Pick-up Lines to Find Eggs With
hide this ad
You Might Also Like...
Tags
Basketball Quiz
NBA Quiz
100 Best
100 Greatest
All-NBA
All Time
By Jersey
greatest
Jersey
Jersey Numbers
Player
Retired Jerseys
Today's Top Quizzes in Sports
Browse Sports
hide this ad
Today's Top Quizzes in Basketball
Browse Basketball
Top Contributed Quizzes in Sports
1
Players with Multiple 50 Home Run Seasons
2
Who Needs Fielders?
3
Criteria MLB: Left Handed Sluggers
4
MLB Players with Two .350 Batting Average Seasons
5
Who Hit More Homers?
6
2020 F1 Drivers Logic Puzzle
7
NBA Teammate Connections
8
Premier League Clubs since 2000 (minefield)
9
MLB Teams by First Game
10
Top 10 NHL Goal Scorers of All Time
Explore More
Trending Topics
Crossword
Anime
Kpop
Marvel
NBA
Disney
Harry Potter
WWE
Pokémon
NFL
Soccer
Puzzle
Country
Song
The Office
hide this ad
More By:
yonathanmt41
Quiz
Plays
Rating
Category
Featured
Created
NBA 2019-2020 Stat Leaders by Team (Updated 9/30)
33,033
4.86
Sports
Dec 26, 2019
NBA All-Time Teams
9,888
3.56
Sports
Oct 14, 2017
NBA Greatest Players of All-Time by Team
8,051
3.94
Sports
Dec 30, 2017
NBA 2017-2018 Starting Lineups
7,788
4.00
Sports
Nov 26, 2017
NBA 2017-2018 Concept Starting Line Ups
5,970
3.90
Sports
Oct 1, 2017
Go to Creator's Profile
Score Distribution
Quiz Creator Spotlight
yonathanmt41
Follow
Send a Message
Quizzes Created
-
Created Quiz Play Count
-
More By This Creator
Popular Quizzes Today
1
Find the 'City' Movie
2
5x2 Blitz: Bands
3
Colored Red Africa Blitz
4
Find the US States - No Outlines Minefield
5
The Countries of the World
6
Find the US States
7
9x9 Crossword: Cartoon Network
8
US States
More Sports Quizzes
Most Ballon d'Or Nominations
Editor's Pick
Trending Quizzes
Colored Red Africa Blitz II
Colored Red Europe Blitz I
Colored Red Africa Blitz III
Colored Red Europe Blitz II
Colored Red Europe Blitz III
Recently Updated
Champions League XIs: Real Madrid
pecheneg
Largest US Cities 1790-2010
pecheneg
Rides in Walt Disney World
pecheneg
Most Oscar Losses (Acting)
pecheneg
Beyoncé Albums
pecheneg
Leaping Animals
pecheneg
Reality TV Shows (A-Z)
bhenderson79
Rickey Henderson's Hall of Fame Teammates
pecheneg
Champions League XIs: Arsenal
pecheneg
Quick Pick: Celebrities in WWE's Hall of Fame
aduchscher
Trending Topics
Harry Potter
Kpop
Marvel
Anime
NBA
Disney
Crossword
Song
WWE
Pokémon
Soccer
The Office
NFL
Country
Puzzle
Your Account Isn't Verified!
In order to create a playlist on Sporcle, you need to verify the email address you used during registration. Go to your
Sporcle Settings
to finish the process.
Report this User
Report this user for behavior that violates our
Community Guidelines
.
Details:
Send Report
Go to the Sporcle.com Mobile Site →
Comments